Efektívny výpočet diskrétnej Fourierovej transformácie : Kand.diz.práca : V.odb. 26-08-9 : Obh. 15.03.1990 /

Na minha lista:
Detalhes bibliográficos
Autor principal: Rozinaj, Gregor, 1957- (Author)
Outros Autores: Petrík, Teodor (Thesis advisor)
Formato: Manuscrito Livro
Publicado em: Bratislava : SVŠT v Bratislave EF, 1989
Tags: Adicionar Tag
Sem tags, seja o primeiro a adicionar uma tag!

MARC

LEADER 00000ntm a22000003a 4500
001 stu4352
005 20150617225813.9
008 ------s1989----------------------------d
040 |a STU  |b slo 
041 0
100 1 |a Rozinaj, Gregor,  |d 1957-  |4 aut  |u E070  |U FEI Fakulta elektrotechniky a informatiky  |T FEI Ústav telekomunikácií  |X 1945  |U E070  |Y 818  |7 A000001945 
245 1 |a Efektívny výpočet diskrétnej Fourierovej transformácie :  |b Kand.diz.práca : V.odb. 26-08-9 : Obh. 15.03.1990 /  |c [aut.] Rozinaj,Gregor, Ing.; Škol. Petrík,Teodor 
260 |a Bratislava :  |b SVŠT v Bratislave EF,  |c 1989 
300 |a 107 s 
700 1 |a Petrík, Teodor  |4 ths 
996 |b 284ED00631  |c E*KDIZ-597  |l EE01  |s A  |a 24  |w stu4352_0001